|
|
|
|
| LEADER |
00676cam a2200217ua 4500 |
| 008 |
090331t2009||||||||||| 001 ||eng c |
| 020 |
|
|
|a 81-812-8212-5
|
| 041 |
0 |
|
|a eng
|
| 082 |
|
|
|a 621.319
|b UHL/P
|
| 245 |
0 |
0 |
|a Power transmission by direct current /
|
| 260 |
|
|
|a New Delhi:
|b Springer,
|c 2009.
|
| 300 |
|
|
|a ix, 389p..
|
| 362 |
1 |
|
|a 2009.
|
| 365 |
|
|
|a Rs.595/-
|e pb
|
| 500 |
|
|
|a Includes index.
|
| 650 |
|
|
|a Power transmission
|
| 650 |
0 |
|
|a Engineering
|
| 700 |
0 |
2 |
|a Uhlman, Erich,
|
| 942 |
|
|
|c BK
|
| 999 |
|
|
|c 20394
|d 20394
|
| 952 |
|
|
|0 0
|1 0
|4 0
|6 621_319000000000000_UHL
|7 0
|9 21504
|a KUCL
|b KUCL
|d 2014-05-23
|l 1
|m 1
|o 621.319 UHL/
|p 20865
|q 2020-12-23
|r 2020-10-23
|s 2020-10-23
|w 2014-05-23
|y BK
|